| 000 | 00699nam a2200205Ii 4500 | ||
|---|---|---|---|
| 003 | JO-AjNU | ||
| 008 | 230605s9999||||xx |||||||||||||| ||und|| | ||
| 017 | _a1993/11/1217 | ||
| 040 |
_aJO-AjNU _bara _erda _cJO-AjNU |
||
| 041 | _aara | ||
| 050 | 1 | 4 | _aHD30.23.M876.1993 |
| 100 | 3 |
_aالموسوي،منعم زمزير, _eauthor _919721 |
|
| 245 | 0 | 0 | _aالاساليب الكمية في الادارة |
| 264 | 3 | 1 | _aعمان:دار زهران للطباعة والنشر،1993 |
| 300 |
_a376ص _bملحق رقم(1) |
||
| 336 |
_atext _btxt _2rdacontent |
||
| 337 |
_aunmediated _bn _2rdamedia |
||
| 338 |
_avolume _bnc _2rdacarrier |
||
| 650 | 4 |
_aادارة مالية-اساليب كمية _919722 |
|
| 999 |
_aA6558 _c10126 _d10126 |
||